| 000 | 00395nam a2200145Ia 4500 | ||
|---|---|---|---|
| 008 | 230312s9999||||xx |||||||||||||| ||und|| | ||
| 082 |
_a658.3 _bBEN-E |
||
| 100 | _aCherniss Cary , ed. | ||
| 245 | 0 | _aEmotionally Intelligent Workplace | |
| 260 | _bWaren Bennis | ||
| 300 | _a352 | ||
| 546 | _aEng. | ||
| 650 |
_aManagement _vEmotional Intelligence and Organizational Effectiveness |
||
| 942 | _cBK | ||
| 999 |
_c4518 _d4518 |
||